Sanrio Characters - Statistics

General Stats
  • This quiz has been taken 689 times
  • The average score is 5 of 12
Answer Stats
Hint Answer % Correct
The Kitty who started it all Hello Kitty
99%
Shy and emotional bunny Kathy/My Melody
88%
Cute Frog Keroppi
82%
The 'Evil My Melody" Kuromi
74%
Chubby, beret wearing dog Pom Pom Purin
57%
Blue and Pink angel twins Kiki and Lala
37%
Rabbit of many colors U*sa*ha*na
13%
Long eared white bunny Cinnamaroll
11%
Three sparkly animals! Jewel Pets
3%
Serious looking penguin Badtemaru
2%
Rabbit Siblings-girl AND girl (put both) Balletusa and Primausa
1%
Rabbit Siblings-girl AND boy (put both) Shirousa and Kirousa
1%
No matching quizzes found
Score Distribution
Percent of People with Each Score
Percentile by Number Answered
Your Score History
You have not taken this quiz